000 00938nam a2200241Ia 4500
003 GCL
008 140319s9999 xx 000 0 ara d
020 _a7796081977
040 _aGCL /
_cGCL
082 0 4 _aق
_b814.80358
_bع ا
100 1 _aعبداللطيف المناوى
245 1 0 _aارفعوا السقف :
_bنقوش فى الفسيفساء العربية /
_cعبداللطيف المناوى
250 _aالاولى
260 _aالقاهرة :
_bأطلس للنشر والانتاج الاعلامى ،
_c2004
300 _a190 ص ؛
_c24 سم
650 0 4 _aالعلوم السياسية
650 0 4 _aالصحافة - الجوانب السياسية
650 0 4 _aمصر - الاحوال السياسية
650 0 4 _aمصر - العلاقات الخارجية
650 0 4 _aاسامة بن لادن
650 0 4 _aالعراق - تاريخ - العصر الحديث - صدام حسين
942 _2ddc
_cBK
999 _c9379
_d9379